Rehabilitación del delincuente: un estudio sobre actitudes y opiniones de familiares de internos (Registro nro. 107)
[ vista simple ]
| 000 -Cabecera | |
|---|---|
| Campo de control de longitud fija | 00641aam a2200229 4500 |
| 005 - Fecha y hora de la última transacción | |
| Campo de control | 20260323175833.0 |
| 008 - Elementos de longitud fija--Información general | |
| Campo de control de longitud fija | 150720b1979 xxu||||| |||| 00| 0 spa d |
| 041 ## - Idioma | |
| Código de idioma | Español |
| 082 ## - Clasificación Decimal Dewey | |
| Número de clasificación | 364.3 R894e |
| 100 ## - Entrada principal--Autor personal | |
| Nombre personal | Ruano Marino, Rafael |
| 9 (RLIN) | 14663 |
| 100 ## - Entrada principal--Autor personal | |
| Nombre personal | Mendoza R., Yolanda |
| 9 (RLIN) | 14664 |
| 245 ## - Título propiamente dicho | |
| Título | Rehabilitación del delincuente: un estudio sobre actitudes y opiniones de familiares de internos |
| 260 ## - Pie de imprenta | |
| Lugar de publicación, distribución, etc. | Costa Rica |
| 260 ## - Pie de imprenta | |
| Nombre del editor, distribuidor, etc. | Ilanud |
| 260 ## - Pie de imprenta | |
| Fecha de publicación, distribución, etc. | 1979 |
| 300 ## - Descripción física | |
| Extensión | 81 páginas |
| 490 ## - Serie | |
| Título de la Serie | Investigación Criminal |
| 650 ## - Materia general | |
| Temática (materia general) | PSICOLOGÍA CRIMINAL |
| 650 ## - Materia general | |
| Temática (materia general) | DELINCUENCIA |
| 650 ## - Materia general | |
| Temática (materia general) | DELINCUENTES |
| 942 ## - Punto de acceso adicional KOHA | |
| Tipo de ítem KOHA | Libro |
| Fuente del sistema de clasificación o colocación | Dewey Decimal Classification |
| Signatura completa | Código de barras | Programa Académico | Tipo de ítem |
|---|---|---|---|
| 364.3 R894e | 2297 | Investigación Criminal | Libro |